01451nam a22003857a 4500003000500000005001700005008004100022010001000063011001000073035001000083040000900093090001000102100003600112245016700148260004000315300001000355500001100365502008700376590003700463590004100500590004100541590004100582590004100623590004200664650003100706650002600737650003400763650003800797650002700835901000700862942001000869949004200879999001700921952012700938CHAP20220329141524.0971013s1989 r 00010 d a69524 a70496 a79977 cCHAP aTesis00aReyes Chávez, Jesús.996785 aRelaciones área siembra-àrea escurrimiento y densidades de siembra para el establecimiento de zacate Buffel Cenchrus ciliaris Linn. bajo condiciones de secano aBermejillo, Dgo. :bEl autor,c1989 a71 h. a34-179 aTesis (Ing. Agrónomo esp. en Zonas aridas) -- UACH. Departamento de Zonas Aridas aALEPHb10c20130110lUCH01h1408 aBATCH-UPDb10c20130110lUCH01h0256 aBATCH-UPDb10c20130110lUCH01h2038 aBATCH-UPDb10c20130410lUCH01h1353 aBATCH-UPDb10c20130914lUCH01h1126 aCONVERSIONb10c20130109lUCH01h133814aCultivos de secano.93037314aEscurrimiento.93767514aPastosxEspaciamiento.98602714aPastosxRegiones áridas.98607514aZacate Buffel.9123395 aBK cTESIS bBCcTESd-32868eTS1h22439i79977si c69524d69524 00102local4051708TESISaBCbBCcPA_TESISd2019-12-31fTESISl0oTesisp-32868r2019-12-31 00:00:00w2019-12-31yTESIS